01461nam a2200241 a 450000100060000000300090000600800410001502000150005604000280007108200180009910000610011724500440017826000490022230000090027150505120028059001370079265000370092965000380096665000330100494200120103799900170104995201530106620591CO-ViMGA141112s2004 ck r 000 u spa d a9500605465 aCO-ViMGAbspacCO-ViMGA04a616.855 Q847l1 aQuirós, Julio Bernaldo de; Schrager, Orlando L.92983010aLenguaje, aprendizaje y psicomotricidad aBuenos Aires : bMedica panemericana, c1979 a240p aCircuitos de control postural y potencialidad corporal 19 - - Algunos fundamentos anatomofisiológicos sobre postura, motricidad y aprendizaje. Revisión y discusión de conceptos 56 - - Neurofisiología postural : Fundamentos propioceptivovestibulares y cerebelorreticulares 99 - - Experiencias sobre postura y aprendizaje : reacciones y reflejos neurolaberínticos en el niño pequeño 153 - - Principios y criterios para el examen neuropediátrico del niño con dificultades de aprendizaje 190  aForma de adquisición : Compra fact. 0532 - - Precio : 82000 - - Proveedor : Temas y libros - - Fecha de adquisición : Abril 200614aAPRENDIZAJE - TRANSTRONOS92983114aPSICOMOTRICIDAD EN NIÑOS92983214aTRANSTORNOS DEL HABLA929833 2ddccBK c29585d29585 00102ddc40708002aMEVIECARbMEVIECARd2015-12-04hVolumen. 1 | 11/jun/2009l0o616.855 Q847l p20591r2015-12-04 00:00:00tEj. 1w2015-12-04yBK